000
003340000a22001570004500
001
003069
003
MACL
040
_a
MACL
090
_c
15062
_d
15061
100
_a
Sondhi, M.L.
245
_a
Hinduism's Human Face
_c
M.L. Sondhi
260
_a
Manak Publications,
_c
2002
350
_a
700
650
_a
Religion
942
_k
295
_c
Book
999
_c
14975
_d
14975